00401 a2200097 4500001001000000005001700010008004100027245014400068100002200212773006900234ART_2239920260410161600.0260409a 10aEstudio comparativo de las normas sobre información contable prospectiva utilizadas en Uruguay y la normativa internacional en la materia1 aKuster, Christian0 tProfesional & Empresariag- Año XV, Nº 175 (abr. 2014)wREV70